Yaubana prasaṅge / (Record no. 62664)

MARC details
000 -LEADER
fixed length control field 00625cam a22002411 4500
001 - CONTROL NUMBER
control field sa 65002482
003 - CONTROL NUMBER IDENTIFIER
control field DLC
005 - DATE AND TIME OF LATEST TRANSACTION
control field 20260227112117.0
008 - FIXED-LENGTH DATA ELEMENTS--GENERAL INFORMATION
fixed length control field 941101s1964 ii ac b 000 0 beno
010 ## - LIBRARY OF CONGRESS CONTROL NUMBER
LC control number sa 65002482
025 ## - OVERSEAS ACQUISITION NUMBER
Overseas acquisition number PL480:I-B-1479
035 ## - SYSTEM CONTROL NUMBER
System control number (OCoLC)31390582
040 ## - CATALOGING SOURCE
Original cataloging agency DLC
Transcribing agency CU
Modifying agency CU
-- DLC
042 ## - AUTHENTICATION CODE
Authentication code premarc
050 00 - LIBRARY OF CONGRESS CALL NUMBER
Classification number HQ56
Item number .D26
100 1# - MAIN ENTRY--PERSONAL NAME
Personal name Dāsa, Pi. Ke.,
Titles and words associated with a name Ḍāḥ.
245 10 - TITLE STATEMENT
Title Yaubana prasaṅge /
Statement of responsibility, etc. Pi. Ke. Dāsa.
260 ## - PUBLICATION, DISTRIBUTION, ETC.
Date of publication, distribution, etc. [1964]
300 ## - PHYSICAL DESCRIPTION
Extent 271, [1] p.
Other physical details illus., ports.
Dimensions 23 cm.
546 ## - LANGUAGE NOTE
Language note In Bengali.
504 ## - BIBLIOGRAPHY, ETC. NOTE
Bibliography, etc. note Bibliography: p. [272]
650 #0 - SUBJECT ADDED ENTRY--TOPICAL TERM
Topical term or geographic name entry element Sex instruction.

No items available.

Powered by Koha